|
|
|
|
| LEADER |
00791nab a2200181 i 4500 |
| 001 |
misc43103 |
| 005 |
20191106141309.0 |
| 008 |
180801s1992 hu o 0|| zxx d |
| 022 |
|
|
|a 1215-5233
|
| 040 |
|
|
|a SZTE Miscellanea Repozitórium
|b hun
|
| 041 |
|
|
|a zxx
|
| 100 |
1 |
|
|a Hargitai József
|
| 245 |
1 |
0 |
|a Anyanyelvi képzés az alsó tagozaton
|h [elektronikus dokumentum] :
|b I. rész /
|c Hargitai József
|
| 260 |
|
|
|c 1992
|
| 300 |
|
|
|a 2-7
|
| 490 |
0 |
|
|a Iskolakultúra
|v 2 No. 1
|
| 695 |
|
|
|a Anyanyelv tanítása - általános iskola, Magyar nyelv tanítása - általános iskola, Beszédfejlesztés - általános iskola, Oktatásügy - Magyarország - 20. sz., Pedagógia - Magyarország - 20. sz.
|
| 856 |
4 |
0 |
|u http://misc.bibl.u-szeged.hu/43103/1/iskolakultura_1992_001_002-007.pdf
|z Dokumentum-elérés
|